Inseln mit Anfangsbuchstabe K - Statistiken

Allgemein
  • Dieses Quiz wurde 51 mal gespielt
  • Das Durchschnittsergebnis liegt bei 8 aus 15
Antwortstatistiken
Hinweise Antwort % Korrekt
Auf der größten griechischen Insel wurde schon seit Jahrtausenden kein Minotaurus mehr gesichtet. Kreta
93%
Die touristische Adria-Insel hat Bischofssitz und Tropfsteinhöhle, aber keinen Vokal. Krk
87%
Hippokrates stammte von dieser Insel mit drei Buchstaben. Kos
80%
Salsa, Mambo, Rumba, Cha-Cha-Cha. Castro, Guantanamo, Buena Vista Social Club. Kuba
78%
Die Lieblingsinsel von Sisi von Österreich liegt näher am albanischen Festland als am griechischen. Korfu
72%
Die australische Insel ist für Bienen und Honig bekannt. Natürlich gibt es auch die namensgebenden Beuteltiere. Kangaroo Island
67%
Echt schön: Die alten Griechen nannten die viertgrößte Mittelmeerinsel Kalliste (die Schönste), die Franzosen nennen sie nun Île de Beauté (Insel der Schönheit). Korsika
61%
Die Vulkaninsel zwischen Sumatra und Java ist 1883 explodiert und in drei Teile zerfallen. Inzwischen wächst in deren Mitte ein neuer Vulkan. Krakatau
54%
Fukuoka ist die größte und Nagasaki die bekannteste Stadt der drittgrößten Insel Japans. Kyushu
50%
Kleine Sunda-Insel mit 2000 Einwohnern und 1700 Waranen. Komodo
46%
Insel vor Alaska mit 14000 Einwohnern und 3000 Bären. Kodiak
30%
Die älteste Hawaii-Insel ist der regenreichste Ort außerhalb Indiens. Drehort von Jurassic Park / Jurassic World. Kaua'i
22%
Die größte Insel des gleichnamigen unbewohnten Archipels ist Teil der Französischen Süd- und Antarktisgebiete. Kerguelen
20%
Die waldreiche Insel gehört zu Nova Scotia. Früher lebte Alexander Graham Bell hier, heute Eva Herman. Kap-Breton-Insel
11%
Das größte Korallenatoll der Welt gehört zu den Marshallinseln. Im Süden der Lagune liegt das Wrack der Prinz Eugen. Kwajalein
9%
Keine übereinstimmenden Quizze gefunden
Verteilung der Resultate
Anzahl Personen mit jedem Resultat
Perzentil nach korrekt beantworteten Fragen
Ihre Resultats-Entwicklung
Sie haben dieses Quiz noch nicht gespielt